Africa Cup of Nations Winners- Sudden Death - Statistics

General Stats
  • This quiz has been taken 49 times
  • The average score is 11 of 15
Answers on the Grid
Answers color-coded by a green-red scale on the quiz's grid according to % correct below.
Algeria
Angola
Benin
Burkina Faso
Cameroon
Congo
DR Congo
Egypt
Ethiopia
Gabon
Ghana
Guinea
Ivory Coast
Kenya
Liberia
Libya
Mali
Morocco
Nigeria
Senegal
South Africa
Sudan
Tanzania
Togo
Tunisia
Uganda
Zambia
Zimbabwe
 
Answer Stats
Answer % Correct
Algeria
97%
Egypt
94%
Ivory Coast
90%
Cameroon
87%
Morocco
87%
Senegal
87%
Nigeria
84%
Ghana
81%
South Africa
81%
Tunisia
74%
Zambia
55%
Ethiopia
48%
DR Congo
45%
Sudan
35%
Congo
29%
No matching quizzes found
Score Distribution
Percent of People with Each Score
Percentile by Number Answered
Your Score History
You have not taken this quiz